MAASAI MARA UNIVERSITY

LIBRARY CATALOGUE

Contact Us: +254 020 2685356/7 or 0774 057787

Box: 861-20500, NAROK, KENYA

Email: info@mmarau.ac.ke

Pest and Pathogens: (Record no. 620)

MARC details
000 -LEADER
fixed length control field 00500nam a22001937a 4500
003 - CONTROL NUMBER IDENTIFIER
control field OSt
005 - DATE AND TIME OF LATEST TRANSACTION
control field 20170518091929.0
008 - FIXED-LENGTH DATA ELEMENTS--GENERAL INFORMATION
fixed length control field 160721b xxu||||| |||| 00| 0 eng d
020 ## - INTERNATIONAL STANDARD BOOK NUMBER
International Standard Book Number 1872748015
040 ## - CATALOGING SOURCE
Original cataloging agency mmu
Language of cataloging eng
Transcribing agency mmu
Modifying agency mmu
050 ## - LIBRARY OF CONGRESS CALL NUMBER
Classification number SB727
Item number .P471992
100 ## - MAIN ENTRY--PERSONAL NAME
Personal name Ayres, P.G
245 ## - TITLE STATEMENT
Title Pest and Pathogens:
Remainder of title plant responses to foliar attack
Statement of responsibility, etc. P.G Ayres
260 ## - PUBLICATION, DISTRIBUTION, ETC. (IMPRINT)
Place of publication, distribution, etc. UK
Name of publisher, distributor, etc. BIOS
Date of publication, distribution, etc. 1992
300 ## - PHYSICAL DESCRIPTION
Extent xii,203p
500 ## - GENERAL NOTE
General note Includes index
650 ## - SUBJECT ADDED ENTRY--TOPICAL TERM
Topical term or geographic name as entry element pest
942 ## - ADDED ENTRY ELEMENTS (KOHA)
Source of classification or shelving scheme Library of Congress Classification
Koha item type SL
Holdings
Withdrawn status Lost status Source of classification or shelving scheme Damaged status Not for loan Home library Current library Date acquired Source of acquisition Total Checkouts Full call number Barcode Date last seen Price effective from Koha item type
    Library of Congress Classification     Maasai Mara University Library -Main Campus Maasai Mara University Library -Main Campus 07/21/2016 Donation   SB727.P47 1992 20100940 07/21/2016 07/21/2016 SL
© 2016 Maasai Mara University.